[Event "FRA-ch U12/16 Girls"]
[Site "Agen"]
[Date "2023.04.28"]
[Round "7"]
[White "Yaghi, Leen"]
[Black "Tran, Ky Lan"]
[Result "1-0"]
[WhiteElo "1693"]
[BlackElo "1645"]
[PlyCount "127"]
[EventDate "2023.04.23"]
[EventType "swiss"]
[EventRounds "9"]
[EventCountry "FRA"]
[SourceTitle "CBM 214 Extra"]
[Source "ChessBase"]
[SourceDate "2023.07.31"]
[SourceVersion "1"]
[SourceVersionDate "2023.07.31"]
[SourceQuality "1"]

1. d4 Nf6 2. c4 g6 3. Nc3 d5 4. cxd5 Nxd5 5. e4 Nxc3 6. bxc3 Bg7 7. Be3 c5 8. Qd2 Qa5 9. Nf3 cxd4 10. cxd4 Qxd2+ 11. Kxd2 0-0 12. Rb1 e6 13. Bd3 b6 14. h4 Nc6 15. h5 Rd8 16. e5 Bb7 17. Ke2 Ne7 18. hxg6 hxg6 19. Rbc1 Nd5 20. Bd2 Rac8 21. Ng5 Rxc1 22. Rxc1 Bf8 23. Ne4 Be7 24. f3 Kg7 25. Bb5 Ba3 26. Rc2 a6 27. Bg5 Rc8 28. Rxc8 Bxc8 29. Bc4 b5 30. Bxd5 exd5 31. Nc5 a5 32. g4 Bb2 33. Kd3 a4 34. Be7 Kg8 35. Ke3 a3 36. Nd3 Ba6 37. Bc5 Kg7 38. Nb4 Bb7 39. Nc2 Bc1+ 40. Kf2 Ba6 41. Bxa3 Bd2 42. Be7 Bc3 43. Ke3 Bc8 44. Kd3 Ba5 45. Nb4 Bb7 46. Ke3 Bb6 47. f4 Ba5 48. f5 Bxb4 49. Bxb4 g5 50. Be7 Kh6 51. Kd3 Ba6 52. Bb4 Kg7 53. Kc3 Bc8 54. Be7 Kh6 55. Kb4 Bb7 56. Kxb5 Ba8 57. a4 Bb7 58. a5 Bc8 59. a6 f6 60. Bxf6 Bd7+ 61. Kb6 Be8 62. a7 Bf7 63. a8Q Bg8 64. Qf8+ 1-0

[Event "Trophee Roza Lallemand Online"]
[Site "Tornelo INT"]
[Date "2020.12.13"]
[Round "2"]
[White "Dubois, Martine"]
[Black "Tran, Ky Lan"]
[Result "1-0"]
[WhiteElo "1780"]
[BlackElo "1509"]
[PlyCount "63"]
[EventDate "2020.12.13"]
[EventType "swiss (rapid)"]
[EventRounds "9"]
[EventCountry "USA"]
[SourceTitle "EXT 2022"]
[Source "ChessBase"]
[SourceDate "2021.10.06"]
[SourceVersion "1"]
[SourceVersionDate "2021.10.06"]
[SourceQuality "1"]

1. e4 c5 2. Nf3 e6 3. c3 Nc6 4. d4 cxd4 5. cxd4 Qc7 6. Nc3 d6 7. Bd3 Nf6 8. 0-0 Be7 9. Re1 0-0 10. Bg5 Qb6 11. Na4 Qd8 12. Rc1 Bd7 13. Nc3 Rc8 14. a3 a6 15. Bb1 h6 16. Bh4 Nh7 17. Bxe7 Qxe7 18. Qd3 e5 19. Nd5 Qd8 20. dxe5 dxe5 21. h3 Be6 22. Qe3 f6 23. Red1 Qe8 24. Nb6 Rd8 25. b4 Qf7 26. Qe2 Rxd1+ 27. Rxd1 Rd8 28. Nd5 Bxd5 29. exd5 Rxd5 30. Rxd5 Qxd5 31. Ba2 Ne7 32. Bxd5+ 1-0

[Event "Trophee Roza Lallemand Online"]
[Site "Tornelo INT"]
[Date "2020.12.13"]
[Round "4"]
[White "Lordier, Sophia"]
[Black "Tran, Ky Lan"]
[Result "0-1"]
[WhiteElo "1795"]
[BlackElo "1509"]
[PlyCount "44"]
[EventDate "2020.12.13"]
[EventType "swiss (rapid)"]
[EventRounds "9"]
[EventCountry "USA"]
[SourceTitle "EXT 2022"]
[Source "ChessBase"]
[SourceDate "2021.10.06"]
[SourceVersion "1"]
[SourceVersionDate "2021.10.06"]
[SourceQuality "1"]

1. d4 Nf6 2. c4 g6 3. Nc3 d5 4. Bf4 Bg7 5. Rc1 0-0 6. Nf3 dxc4 7. e4 Nh5 8. Be5 Nf6 9. Bxc4 b6 10. Nb5 Nbd7 11. Bxc7 Qe8 12. e5 Nh5 13. Bd5 Nb8 14. a4 a6 15. Bxa8 axb5 16. Bxb6 bxa4 17. 0-0 Qb5 18. Bc5 Nf4 19. Rc2 Ba6 20. Nd2 Nc6 21. Bxc6 Qxc6 22. Bxe7 Qxg2# 0-1

[Event "FRA-ch U12 Girls"]
[Site "Hyeres"]
[Date "2019.04.15"]
[Round "2"]
[White "Tran, Ky Lan"]
[Black "Schippke, Manon"]
[Result "0-1"]
[WhiteElo "1327"]
[BlackElo "1646"]
[PlyCount "92"]
[EventDate "2019.04.14"]
[EventType "swiss"]
[EventRounds "9"]
[EventCountry "FRA"]
[SourceTitle "CBM 190 Extra"]
[Source "ChessBase"]
[SourceDate "2019.07.15"]
[SourceVersion "1"]
[SourceVersionDate "2019.07.15"]
[SourceQuality "1"]

1. d4 d5 2. c4 dxc4 3. e4 c5 4. d5 Nf6 5. Nc3 b5 6. Bf4 Qa5 7. f3 Bb7 8. a4 b4 9. Nb5 Na6 10. Bxc4 Qb6 11. Ne2 g6 12. Ng3 Qd8 13. 0-0 Bg7 14. d6 0-0 15. Nc7 Nxc7 16. dxc7 Qc8 17. Bd5 Nxd5 18. exd5 Bxb2 19. Rb1 Bd4+ 20. Kh1 Bxd5 21. Ne2 e5 22. Bxe5 Bxe5 23. Qxd5 Qxc7 24. f4 Bg7 25. Rfc1 Qe7 26. Ng3 Rfc8 27. f5 Rab8 28. fxg6 hxg6 29. Ne4 Rd8 30. Qxc5 Qxe4 31. Qxa7 Ra8 32. Qb6 Rd2 33. Qc6 Qxc6 34. Rxc6 Rxa4 35. Rc4 Bc3 36. h3 Raa2 37. Rg4 Rab2 38. Ra1 b3 39. Ra8+ Kg7 40. Ra3 Rd1+ 41. Kh2 Be5+ 42. Rg3 Rd3 43. Ra1 Bxg3+ 44. Kg1 Rdd2 45. Kf1 Rxg2 46. Ra3 Rbf2+ 0-1